000 00788nam a2200241 a 4500
003 DO-SdBNP
005 20220510081755.0
007 ta
008 220412e2012 dr aco|gr|||| 001 e spa d
020 _a9789945481099
040 _aDO-SdBNP
_bspa
_cBNPHU
082 4 _222
_bC965m
100 1 _975419
_aCuello Montero, Mauricio Marcial
245 1 0 _aMas de un siglo en viacrusis /
_cMauricio Marcial Cuello Montero
260 _aSanto Domingo :
_bCentenario,
_c2012
300 _a385 p. :
_bil., retr. fotogr. ;
_c21 cm.
504 _aBibliografía: p. 385
590 _aInventariado 2022 / MF
650 4 _979507
_aEnergía eléctrica
_xHistoria
_ySiglo XVIII
_zRepública Dominicana
650 4 _98321
_aEnergía Electrica
_zRepública Dominicana
910 _aMFeliz
942 _2ddc
_cLBS1
999 _c51531
_d51531